[Event "Olimpiada Calviá 2004"]
[Site "Calviá ESP"]
[Date "2004.10.20"]
[Round "6.34"]
[White "Muñoz, Lisandro"]
[Black "Curi, Gabriel"]
[Result "1-0"]
[WhiteElo "2302"]
[BlackElo "2264"]
[PlyCount "59"]
[EventDate "2004.10.15"]
[EventType "team"]
[EventRounds "14"]
[EventCountry "ESP"]
[Source "lmi"]
[SourceDate "2004.10.27"]

1. e4 e6 2. d4 d5 3. Nd2 Nf6 4. e5 Nfd7 5. f4 c5 6. c3 Nc6 7. Ndf3 cxd4 8. cxd4
Qb6 9. Ne2 Bb4+ 10. Nc3 a5 11. Kf2 f6 12. Be3 Be7 13. Na4 Qd8 14. Bd3 O-O 15.
Rf1 fxe5 16. fxe5 Nb6 17. Nxb6 Qxb6 18. Qc2 h6 19. Kg1 Bd7 20. Qf2 Bg5 21. Bxg5
hxg5 22. Kh1 Ne7 23. Qg3 Bb5 24. Nxg5 Bxd3 25. Qxd3 Rf5 26. Rxf5 Nxf5 27. Qh3
Qxb2 28. Rf1 Nh6 29. Qxe6+ Kh8 30. Qg6 1-0

[Event "Olimpiada Calviá 2004"]
[Site "Calviá ESP"]
[Date "2004.10.20"]
[Round "6.34"]
[White "Carvalho, Guillermo"]
[Black "Hernandez, Elvis"]
[Result "0-1"]
[WhiteElo "2216"]
[BlackElo "2307"]
[PlyCount "160"]
[EventDate "2004.10.15"]
[EventType "team"]
[EventRounds "14"]
[EventCountry "ESP"]
[Source "lmi"]
[SourceDate "2004.10.27"]

1. c4 e5 2. Nc3 Nf6 3. Nf3 Nc6 4. g3 d5 5. cxd5 Nxd5 6. Bg2 Nb6 7. O-O Be7 8.
Rb1 a5 9. d3 Be6 10. Be3 Nd5 11. Nxd5 Bxd5 12. d4 e4 13. Ne5 O-O 14. Nxc6 Bxc6
15. Qc2 Qd5 16. a3 f5 17. Rbc1 a4 18. f3 Kh8 19. fxe4 fxe4 20. Rxf8+ Rxf8 21.
Qc4 Qh5 22. Qc2 Bf6 23. Qc5 Qf7 24. Rf1 Rd8 25. Rf5 h6 26. Qb4 Qd7 27. Rf4 Bxd4
28. Rf8+ Kh7 29. Bxd4 Rxf8 30. Qxf8 Qxd4+ 31. Qf2 Qxb2 32. Qf5+ g6 33. Qf7+ Qg7
34. Qc4 Qa1+ 35. Bf1 Kg7 36. Qc5 Qf6 37. e3 Qd6 38. Qc3+ Qf6 39. Qc5 Qd6 40.
Qc3+ Kh7 41. Qc4 Qe7 42. Be2 h5 43. h4 Kh6 44. Qg8 Qg7 45. Qd8 Kh7 46. Kg2 Bd7
47. Kf2 Qf7+ 48. Kg1 Bc6 49. Kg2 Kg7 50. Qd4+ Qf6 51. Qc5 Kf7 52. Bc4+ Ke8 53.
Be2 Kd7 54. Qc4 Qf8 55. Qd4+ Kc8 56. Qc3 Kb8 57. Kg1 Qd6 58. Kf2 b6 59. Qc4
Qf6+ 60. Kg2 Qd6 61. Kf2 Qf8+ 62. Kg2 Qe8 63. Qb4 Qf7 64. Qc3 Kb7 65. Kg1 Qe6
66. Kg2 Bd7 67. Kg1 Qb3 68. Qc1 Be6 69. Kg2 c5 70. Bd1 Qa2+ 71. Kg1 Bh3 72. Bc2
Qc4 73. Qb1 Bf5 74. Qb2 Ka6 75. Bd1 Bg4 76. Bxg4 hxg4 77. Kf2 Qf7+ 78. Ke1 Qf3
79. Qc3 Qxg3+ 80. Ke2 Qg2+ 0-1

[Event "Olimpiada Calviá 2004"]
[Site "Calviá ESP"]
[Date "2004.10.20"]
[Round "6.35"]
[White "Bachmann, Axel"]
[Black "Doghri, Nabil"]
[Result "1-0"]
[WhiteElo "2282"]
[BlackElo "2309"]
[PlyCount "89"]
[EventDate "2004.10.15"]
[EventType "team"]
[EventRounds "14"]
[EventCountry "ESP"]
[Source "lmi"]
[SourceDate "2004.10.27"]

1. e4 c5 2. Nc3 Nc6 3. g3 Nf6 4. Bg2 e6 5. d3 d5 6. Bg5 d4 7. Nce2 Be7 8. Bd2
Rb8 9. f4 b5 10. Nf3 Qb6 11. O-O c4 12. Kh1 Ba6 13. h3 b4 14. Be1 Rd8 15. Bf2
Bc5 16. Nc1 cxd3 17. cxd3 Qb5 18. Nd2 h5 19. Ncb3 Be7 20. Nc4 g5 21. Qd2 gxf4
22. gxf4 e5 23. Rac1 h4 24. Bf3 Nh5 25. Bxh5 Rxh5 26. Rg1 Rh8 27. f5 Bb7 28.
Rg4 a5 29. Qe2 a4 30. Nbd2 Bf6 31. Rcg1 Ne7 32. Kh2 Kd7 33. Nf3 Rh6 34. Be1
Rdh8 35. Bd2 Rh5 36. Ng5 Rf8 37. Nf3 Nc6 38. Bg5 Bxg5 39. Rxg5 Rh7 40. f6 Re8
41. Rg7 Rxg7 42. fxg7 Rg8 43. Qf2 f6 44. Qxh4 Ke7 45. Qh7 1-0

[Event "Olimpiada Calviá 2004"]
[Site "Calviá ESP"]
[Date "2004.10.20"]
[Round "6.35"]
[White "Ojeda, Javier"]
[Black "Chikhaoui, Walid"]
[Result "0-1"]
[WhiteElo "2206"]
[BlackElo "2324"]
[PlyCount "150"]
[EventDate "2004.10.15"]
[EventType "team"]
[EventRounds "14"]
[EventCountry "ESP"]
[Source "lmi"]
[SourceDate "2004.10.27"]

1. e4 c5 2. Nf3 e6 3. d4 cxd4 4. Nxd4 a6 5. c4 Nf6 6. Nc3 Qc7 7. Be3 Bb4 8. Bd3
Nc6 9. Nxc6 dxc6 10. O-O e5 11. Qb3 Qe7 12. Na4 Be6 13. a3 Bd6 14. Qc3 O-O 15.
c5 Bc7 16. f3 Nd7 17. b4 f5 18. exf5 Bxf5 19. Nb2 Bxd3 20. Nxd3 Qh4 21. Bf2 Qg5
22. Qc4+ Kh8 23. Bh4 Qh5 24. Bg3 Nf6 25. Rae1 Rfe8 26. Nf2 Rad8 27. Rd1 Nd5 28.
Rfe1 a5 29. Re4 axb4 30. axb4 Nf6 31. Ree1 Nd5 32. Re4 h6 33. Ra1 Nf6 34. Rh4
Qf5 35. Ng4 Ng8 36. Ne3 Qd7 37. Qe4 Qf7 38. Nf5 Rf8 39. Nd6 Bxd6 40. cxd6 Rxd6
41. Bxe5 Rg6 42. Rf4 Nf6 43. Qd4 Qe6 44. Ra7 Qh3 45. Ra2 Qe6 46. Re2 Re8 47.
Qd3 Kh7 48. Rd4 b5 49. f4 Qf7 50. Rd6 Nd5 51. Rxg6 Qxg6 52. f5 Qf7 53. f6+ g6
54. Qd4 Ra8 55. h3 Qa7 56. Qxa7+ Rxa7 57. Bd4 Rf7 58. Re6 Nxb4 59. Bc5 Nd5 60.
Be7 g5 61. Rxc6 Nxe7 62. Rc7 Rxf6 63. Rxe7+ Kg6 64. Rb7 Rf5 65. Rb6+ Kg7 66.
Rb7+ Kg8 67. g3 h5 68. Kg2 g4 69. hxg4 hxg4 70. Kg1 Kf8 71. Kg2 Re5 72. Kf2 Ke8
73. Kg2 Kd8 74. Kf2 Kc8 75. Rf7 Re4 0-1

[Event "Olimpiada Calviá 2004"]
[Site "Calviá ESP"]
[Date "2004.10.20"]
[Round "6.37"]
[White "Poulsen, Martin"]
[Black "Dervishi, Erald"]
[Result "1/2-1/2"]
[WhiteElo "2292"]
[BlackElo "2502"]
[PlyCount "51"]
[EventDate "2004.10.15"]
[EventType "team"]
[EventRounds "14"]
[EventCountry "ESP"]
[Source "lmi"]
[SourceDate "2004.10.27"]

1. e4 e5 2. Nf3 Nc6 3. Bb5 a6 4. Bxc6 dxc6 5. O-O f6 6. d4 Bg4 7. dxe5 Qxd1 8.
Rxd1 fxe5 9. Nbd2 O-O-O 10. Re1 Bd6 11. h3 Bh5 12. Nh4 Bf7 13. Ndf3 h6 14. b3
g6 15. Bb2 Re8 16. c4 c5 17. Nh2 Ne7 18. f4 Nc6 19. N4f3 Rhf8 20. fxe5 Nxe5 21.
Nxe5 Bxe5 22. Bxe5 Rxe5 23. Ng4 Ree8 24. Rf1 Be6 25. Rxf8 Rxf8 26. Nxh6 1/2-1/2

[Event "Olimpiada Calviá 2004"]
[Site "Calviá ESP"]
[Date "2004.10.20"]
[Round "6.37"]
[White "Berg, Olaf"]
[Black "Karkanaqe, Ilir"]
[Result "0-1"]
[WhiteElo "2211"]
[BlackElo "2382"]
[PlyCount "98"]
[EventDate "2004.10.15"]
[EventType "team"]
[EventRounds "14"]
[EventCountry "ESP"]
[Source "lmi"]
[SourceDate "2004.10.27"]

1. e4 e5 2. Nf3 Nf6 3. Nxe5 d6 4. Nf3 Nxe4 5. Nc3 Nxc3 6. dxc3 Be7 7. Bf4 Nd7
8. Qd2 Nc5 9. O-O-O O-O 10. Kb1 Re8 11. Be3 Ne4 12. Qc1 a6 13. Bd3 Bf6 14. h3
b5 15. Nd2 Bb7 16. Nxe4 Bxe4 17. f3 Bxd3 18. Rxd3 Re6 19. g4 Qd7 20. g5 Be7 21.
Qg1 Re8 22. Qg4 Bf8 23. h4 R6e7 24. Qxd7 Rxd7 25. Kc1 Rde7 26. Kd2 d5 27. Re1
c6 28. Rf1 Re6 29. f4 f5 30. Rf3 h5 31. Ke2 Kf7 32. Kd2 Re4 33. Rg3 g6 34. Rd4
Bd6 35. Rf3 Ke6 36. Rf1 c5 37. Rd3 Kd7 38. Rf3 Kc6 39. a3 c4 40. Rd4 R4e6 41.
b4 Bc7 42. Rg3 Bb6 43. Rf3 Bxd4 44. cxd4 a5 45. Bf2 axb4 46. axb4 Ra8 47. Be3
Ra3 48. c3 Ra2+ 49. Kd1 Rh2 0-1

[Event "Olimpiada Calviá 2004"]
[Site "Calviá ESP"]
[Date "2004.10.20"]
[Round "6.37"]
[White "Seitaj, Ilir"]
[Black "Rodgaard, John"]
[Result "1/2-1/2"]
[WhiteElo "2398"]
[BlackElo "2310"]
[PlyCount "72"]
[EventDate "2004.10.15"]
[EventType "team"]
[EventRounds "14"]
[EventCountry "ESP"]
[Source "lmi"]
[SourceDate "2004.10.27"]

1. e4 e6 2. d4 d5 3. Nc3 Bb4 4. e5 Ne7 5. Bd2 Bxc3 6. Bxc3 b6 7. b4 c5 8. b5 a6
9. a4 Nd7 10. Nf3 Qc7 11. Bd3 cxd4 12. Bxd4 Nc5 13. O-O Bd7 14. Bxc5 bxc5 15.
c4 dxc4 16. Bxc4 axb5 17. axb5 Rxa1 18. Qxa1 O-O 19. Rd1 Rb8 20. Qb2 Nc8 21.
Ng5 h6 22. Ne4 Nb6 23. Bf1 c4 24. Nd6 Qc5 25. Rc1 f6 26. Nxc4 Nxc4 27. Rxc4
Qxe5 28. Qxe5 fxe5 29. Rc5 e4 30. Re5 Rb7 31. Bc4 Kf7 32. Rxe4 Bxb5 33. Bxe6+
Kf6 34. f4 Bc6 35. Re1 Re7 36. f5 Bd7 1/2-1/2

[Event "Olimpiada Calviá 2004"]
[Site "Calviá ESP"]
[Date "2004.10.20"]
[Round "6.38"]
[White "Juarez Flores, Carlos A"]
[Black "Ahmed Abdul Sattar, Wahab"]
[Result "0-1"]
[WhiteElo "2391"]
[BlackElo "2270"]
[PlyCount "84"]
[EventDate "2004.10.15"]
[EventType "team"]
[EventRounds "14"]
[EventCountry "ESP"]
[Source "lmi"]
[SourceDate "2004.10.27"]

1. e4 c5 2. Nf3 Nc6 3. d4 cxd4 4. Nxd4 Nf6 5. Nc3 e6 6. Ndb5 Bb4 7. a3 Bxc3+ 8.
Nxc3 d5 9. exd5 exd5 10. Bd3 O-O 11. O-O d4 12. Ne4 Bf5 13. Bg5 Bxe4 14. Bxe4
Qd6 15. Bd3 Rfe8 16. Qf3 Ne5 17. Qh3 Nxd3 18. Qxd3 Ne4 19. Bh4 Nc5 20. Qf3 Qb6
21. b3 Rac8 22. Qg4 Ne6 23. Rae1 Rxc2 24. Re4 Qc5 25. Bf6 h5 26. Qg3 Rc3 27. f3
Qf8 28. Rfe1 Rec8 29. Kf1 Rc1 30. Bxd4 Rxe1+ 31. Qxe1 Nxd4 32. Rxd4 Qxa3 33.
Qb4 Qc1+ 34. Qe1 Qb2 35. Rc4 Rd8 36. Qc1 Qxb3 37. Rc8 Rxc8 38. Qxc8+ Kh7 39. h4
g6 40. Kf2 Qb2+ 41. Kg1 Qd4+ 42. Kf1 b5 0-1

[Event "Olimpiada Calviá 2004"]
[Site "Calviá ESP"]
[Date "2004.10.20"]
[Round "6.38"]
[White "Abdul Adhim, Muneer"]
[Black "Juarez Flores, Roberto"]
[Result "1-0"]
[WhiteElo "2202"]
[BlackElo "2207"]
[PlyCount "61"]
[EventDate "2004.10.15"]
[EventType "team"]
[EventRounds "14"]
[EventCountry "ESP"]
[Source "lmi"]
[SourceDate "2004.10.27"]

1. e4 c5 2. Nf3 g6 3. d4 cxd4 4. Nxd4 Bg7 5. Nc3 Nc6 6. Nde2 Nf6 7. g3 h5 8. h3
d6 9. Bg2 Bd7 10. O-O Qc8 11. Kh2 h4 12. g4 Bxg4 13. hxg4 Nxg4+ 14. Kh1 Nce5
15. f4 Nc4 16. Qd3 Qc5 17. Nd1 Rc8 18. c3 e6 19. b3 Nb6 20. a4 Rd8 21. Qb5+ Nd7
22. Bf3 f5 23. exf5 gxf5 24. Ba3 Qc7 25. Nd4 Bxd4 26. cxd4 Qc2 27. Qe2 Qxb3 28.
Bxg4 fxg4 29. Qxg4 Qd5+ 30. Qf3 Qxd4 31. Bb2 1-0

[Event "Olimpiada Calviá 2004"]
[Site "Calviá ESP"]
[Date "2004.10.20"]
[Round "6.38"]
[White "Figueroa, Marco"]
[Black "Hussein, Noah A"]
[Result "1/2-1/2"]
[WhiteElo "2126"]
[BlackElo "2349"]
[PlyCount "121"]
[EventDate "2004.10.15"]
[EventType "team"]
[EventRounds "14"]
[EventCountry "ESP"]
[Source "lmi"]
[SourceDate "2004.10.27"]

1. e4 e5 2. Nf3 Nf6 3. d4 Nxe4 4. Bd3 d5 5. Nxe5 Nd7 6. Nxd7 Bxd7 7. Qe2 Be7 8.
Nc3 Nf6 9. Bg5 Be6 10. O-O-O O-O 11. h3 Re8 12. f4 Qd6 13. Qf3 c6 14. f5 Bd7
15. g4 Ne4 16. Bf4 Qxf4+ 17. Qxf4 Bg5 18. Qxg5 Nxg5 19. h4 Ne4 20. Bxe4 dxe4
21. Rhe1 h5 22. Nxe4 hxg4 23. Nd6 Rxe1 24. Rxe1 Kf8 25. Re4 g3 26. Re3 g2 27.
Rg3 Ke7 28. Nxb7 Rh8 29. Rxg7 Rxh4 30. Rxg2 Rxd4 31. Rf2 Kf6 32. Rd2 Rxd2 33.
Kxd2 Kxf5 34. Ke3 Ke5 35. Na5 Kd5 36. Nb3 Bf5 37. c3 Be6 38. Nd2 Ke5 39. Nf3+
Kd6 40. a3 Bd5 41. Nd2 Ke5 42. c4 Bg2 43. Kf2 Bh3 44. Ke3 Bg4 45. b4 f5 46. Nb3
f4+ 47. Kd3 Bf5+ 48. Ke2 Be4 49. Kd2 Bg2 50. b5 cxb5 51. cxb5 Bd5 52. Na5 Kd6
53. Kd3 Kc5 54. a4 Ba8 55. Kc3 Be4 56. Nb3+ Kd5 57. a5 f3 58. b6 axb6 59. axb6
Kc6 60. Nd4+ Kxb6 61. Nxf3 1/2-1/2

[Event "Olimpiada Calviá 2004"]
[Site "Calviá ESP"]
[Date "2004.10.20"]
[Round "6.38"]
[White "Jalal, Adil  Ali"]
[Black "Juarez Flores, Guillermo J"]
[Result "1-0"]
[WhiteElo "2270"]
[BlackElo "2221"]
[PlyCount "79"]
[EventDate "2004.10.15"]
[EventType "team"]
[EventRounds "14"]
[EventCountry "ESP"]
[Source "lmi"]
[SourceDate "2004.10.27"]

1. d4 d5 2. Nf3 Nf6 3. e3 e6 4. Bd3 Bd6 5. Nbd2 Nbd7 6. e4 dxe4 7. Nxe4 Nxe4 8.
Bxe4 Nf6 9. Bg5 h6 10. Bxf6 Qxf6 11. Qe2 O-O 12. O-O-O c5 13. dxc5 Bxc5 14. Kb1
Re8 15. Rhf1 Kh8 16. Qb5 Qe7 17. Ne5 Rf8 18. Nd7 Bxd7 19. Rxd7 Qg5 20. f4 Qh5
21. Bf3 Qf5 22. g4 a6 23. Qc4 Qf6 24. Qxc5 Qxf4 25. Qf2 Rad8 26. Rxd8 Rxd8 27.
Be2 Qe5 28. Bd3 f6 29. Re1 Qd6 30. Qe2 f5 31. gxf5 exf5 32. Bxf5 Rf8 33. Bd3
Qc7 34. h4 Qf4 35. Rf1 Qd6 36. Rxf8+ Qxf8 37. Qe4 g6 38. Qxg6 Qg7 39. Qxg7+
Kxg7 40. h5 1-0

[Event "Olimpiada Calviá 2004"]
[Site "Calviá ESP"]
[Date "2004.10.20"]
[Round "6.39"]
[White "Gonzalez, Bernal"]
[Black "El-Zayat, Ahmed"]
[Result "1-0"]
[WhiteElo "2423"]
[BlackElo "1958"]
[PlyCount "97"]
[EventDate "2004.10.15"]
[EventType "team"]
[EventRounds "14"]
[EventCountry "ESP"]
[Source "lmi"]
[SourceDate "2004.10.27"]

1. f4 Nf6 2. Nf3 g6 3. g3 Bg7 4. Bg2 c5 5. d3 O-O 6. e4 Nc6 7. O-O d5 8. Nc3 d4
9. Ne2 Qb6 10. h3 Rb8 11. Kh1 e6 12. g4 Ne7 13. Qe1 Qc7 14. Qh4 b5 15. f5 exf5
16. Bg5 fxg4 17. hxg4 Nxg4 18. Bxe7 Re8 19. Bg5 h6 20. Bd2 g5 21. Bxg5 hxg5 22.
Nxg5 Nh6 23. Nf4 Qe5 24. Nh5 Bg4 25. Nxg7 Qxg7 26. Nh3 Re5 27. Nf4 Kh7 28. Rg1
Rg5 29. Bh3 Rg8 30. Rxg4 Rxg4 31. Bxg4 Qxg4 32. Qxg4 Rxg4 33. Rf1 Rg5 34. Nd5
Kg7 35. Nf6 Rg6 36. Nd7 Rg5 37. Rf4 Ng4 38. Nxc5 Ne3 39. Nb7 Rh5+ 40. Kg1 Rg5+
41. Kf2 Rg2+ 42. Kf3 Rxc2 43. Nd6 Rxb2 44. Rxf7+ Kg6 45. Rxa7 Nc2 46. e5 Nb4
47. e6 Nxd3 48. e7 Ne5+ 49. Kg3 1-0

[Event "Olimpiada Calviá 2004"]
[Site "Calviá ESP"]
[Date "2004.10.20"]
[Round "6.39"]
[White "Elarbi, Abobker"]
[Black "Valdes, Leonardo"]
[Result "1/2-1/2"]
[WhiteElo "2253"]
[BlackElo "2372"]
[PlyCount "60"]
[EventDate "2004.10.15"]
[EventType "team"]
[EventRounds "14"]
[EventCountry "ESP"]
[Source "lmi"]
[SourceDate "2004.10.27"]

1. e4 d6 2. d4 Nf6 3. Bd3 e5 4. d5 Nbd7 5. b4 a5 6. c3 g6 7. Ne2 Bg7 8. O-O O-O
9. Ng3 c6 10. dxc6 bxc6 11. Be3 d5 12. Nd2 h6 13. Nb3 axb4 14. cxb4 dxe4 15.
Nxe4 Nd5 16. Bd2 f5 17. Nec5 Nxc5 18. Nxc5 e4 19. Bc4 Bxa1 20. Qxa1 Kh7 21. Qc1
g5 22. a4 Rb8 23. Rd1 Qe7 24. Bxd5 cxd5 25. Bc3 Rd8 26. Qe3 f4 27. Qd4 Bf5 28.
a5 Bg4 29. Re1 Qf7 30. a6 Rdc8 1/2-1/2

[Event "Olimpiada Calviá 2004"]
[Site "Calviá ESP"]
[Date "2004.10.20"]
[Round "6.39"]
[White "Hernandez Basante, Francisco"]
[Black "Salem, Ali Maoloud"]
[Result "1/2-1/2"]
[WhiteElo "2283"]
[BlackElo "2228"]
[PlyCount "31"]
[EventDate "2004.10.15"]
[EventType "team"]
[EventRounds "14"]
[EventCountry "ESP"]
[Source "lmi"]
[SourceDate "2004.10.27"]

1. d4 d5 2. Bg5 h6 3. Bh4 c6 4. Nf3 Qb6 5. b3 Bf5 6. e3 e6 7. Bd3 Bxd3 8. Qxd3
Be7 9. Bg3 Nf6 10. O-O Nbd7 11. h3 O-O 12. c4 c5 13. Nbd2 Rfd8 14. cxd5 Nxd5
15. a3 cxd4 16. exd4 1/2-1/2

[Event "Olimpiada Calviá 2004"]
[Site "Calviá ESP"]
[Date "2004.10.20"]
[Round "6.40"]
[White "De La Riva Aguado, Oscar"]
[Black "Kyriakidis, Thrasos"]
[Result "1-0"]
[WhiteElo "2528"]
[BlackElo "2157"]
[PlyCount "43"]
[EventDate "2004.10.15"]
[EventType "team"]
[EventRounds "14"]
[EventCountry "ESP"]
[Source "lmi"]
[SourceDate "2004.10.27"]

1. e4 e6 2. d4 d5 3. Nc3 dxe4 4. Nxe4 Nd7 5. Bd3 Ngf6 6. Qe2 c5 7. Nxf6+ Nxf6
8. dxc5 Bxc5 9. Bd2 O-O 10. O-O-O Qc7 11. Nf3 b5 12. Bc3 Bb7 13. Kb1 b4 14. Be5
Qe7 15. Ng5 g6 16. h4 Nd7 17. Bf4 e5 18. Bc1 f6 19. Bc4+ Kh8 20. h5 fxg5 21.
hxg6 Rxf2 22. Rxd7 1-0

[Event "Olimpiada Calviá 2004"]
[Site "Calviá ESP"]
[Date "2004.10.20"]
[Round "6.40"]
[White "Theocharides, Constantinos"]
[Black "Oms Pallise, Josep"]
[Result "1/2-1/2"]
[WhiteElo "2115"]
[BlackElo "2508"]
[PlyCount "77"]
[EventDate "2004.10.15"]
[EventType "team"]
[EventRounds "14"]
[EventCountry "ESP"]
[Source "lmi"]
[SourceDate "2004.10.27"]

1. e4 e5 2. Nf3 Nc6 3. d4 exd4 4. Nxd4 Nf6 5. Nxc6 bxc6 6. Bd3 d5 7. e5 Nd7 8.
O-O Nc5 9. Be2 Be7 10. Nd2 f6 11. exf6 Bxf6 12. Nb3 Ne4 13. Bd3 O-O 14. Bxe4
dxe4 15. Qxd8 Rxd8 16. c3 Kf7 17. Bf4 Bf5 18. Rad1 Rxd1 19. Rxd1 Rd8 20. Rxd8
Bxd8 21. Be3 a6 22. Nc5 Bc8 23. Nxe4 h6 24. Kf1 Bf5 25. Nc5 Be7 26. Nb3 Bd3+
27. Ke1 Ke8 28. Kd2 Bf1 29. g3 h5 30. Nd4 Kd7 31. Nf3 Ke6 32. Ne1 Kf5 33. Nd3
g5 34. f3 Bd6 35. Bc5 Bxd3 36. Bxd6 Bc4 37. Bxc7 Bxa2 38. Bd6 g4 39. fxg4+
1/2-1/2

[Event "Olimpiada Calviá 2004"]
[Site "Calviá ESP"]
[Date "2004.10.20"]
[Round "6.40"]
[White "Simonet, Marc"]
[Black "Klerides, Paris"]
[Result "1/2-1/2"]
[WhiteElo "2300"]
[BlackElo "2234"]
[PlyCount "149"]
[EventDate "2004.10.15"]
[EventType "team"]
[EventRounds "14"]
[EventCountry "ESP"]
[Source "lmi"]
[SourceDate "2004.10.27"]

1. d4 Nf6 2. c4 g6 3. Nc3 Bg7 4. e4 d6 5. Nf3 O-O 6. Be2 e5 7. O-O Na6 8. Be3
Ng4 9. Bg5 Qe8 10. dxe5 dxe5 11. h3 f6 12. Bc1 Nh6 13. b3 c6 14. Ba3 Rf7 15. c5
Nc7 16. Nd2 Be6 17. Nc4 Rd7 18. Nd6 Qe7 19. Qc1 Ne8 20. Rd1 Nf7 21. Nc4 Rad8
22. Qc2 f5 23. Rxd7 Rxd7 24. Rd1 f4 25. Rxd7 Qxd7 26. Nb1 Nc7 27. Na5 Nb5 28.
Bxb5 cxb5 29. c6 bxc6 30. Qxc6 Qxc6 31. Nxc6 a6 32. Ne7+ Kh8 33. Nc3 Bd7 34.
Bc5 Ng5 35. f3 Ne6 36. Bd6 Nd4 37. b4 Nc6 38. Ncd5 Nxe7 39. Nxe7 Bf6 40. Nd5
Kg7 41. g4 fxg3 42. Kg2 Kf7 43. Nc7 Bc8 44. Kxg3 g5 45. a3 h5 46. Nd5 h4+ 47.
Kg2 Ke6 48. Bc7 Bb7 49. Ne3 Bc6 50. Ng4 Bb7 51. Kf2 Bc6 52. Ke3 Be8 53. Nf2 Kd7
54. Bb8 Bh5 55. Nd3 Bf7 56. Bxe5 Be7 57. f4 gxf4+ 58. Kxf4 Be6 59. Nf2 a5 60.
Bc3 axb4 61. axb4 Bd8 62. Ng4 Be7 63. Kf3 Ke8 64. Kg2 Kf7 65. Ne5+ Ke8 66. Be1
Bc8 67. Ng6 Bb7 68. Kf3 Bc8 69. Bxh4 Bxb4 70. Kg3 Be1+ 71. Kg2 Bxh4 72. Nxh4 b4
73. Nf3 b3 74. Nd2 b2 75. h4 1/2-1/2

[Event "Olimpiada Calviá 2004"]
[Site "Calviá ESP"]
[Date "2004.10.20"]
[Round "6.40"]
[White "Antoniou, Antonis"]
[Black "Garcia, Raul"]
[Result "1/2-1/2"]
[WhiteElo "2211"]
[BlackElo "2259"]
[PlyCount "100"]
[EventDate "2004.10.15"]
[EventType "team"]
[EventRounds "14"]
[EventCountry "ESP"]
[Source "lmi"]
[SourceDate "2004.10.27"]

1. e4 c5 2. Nf3 e6 3. d4 cxd4 4. Nxd4 Qb6 5. Nb3 Qc7 6. Nc3 a6 7. Bd3 Nf6 8.
O-O d6 9. f4 b5 10. a3 Bb7 11. Qe1 Nbd7 12. Qg3 g6 13. Kh1 Be7 14. Bd2 e5 15.
Rae1 exf4 16. Qxf4 O-O 17. Nd4 Ne5 18. Qg3 Nh5 19. Qh3 Ng7 20. Nde2 Ne6 21. Nf4
Nxf4 22. Bxf4 Qc8 23. Qg3 Bf6 24. Bg5 Bxg5 25. Qxg5 Qg4 26. Qxg4 Nxg4 27. h3
Ne5 28. Be2 Rad8 29. Rd1 f6 30. Nd5 Bxd5 31. Rxd5 Kg7 32. Rfd1 Rc8 33. c3 Nf7
34. a4 bxa4 35. Ra5 Rb8 36. Rd2 Rb6 37. Rxa4 Rfb8 38. Ra2 Ng5 39. Bd3 Ne6 40.
Rxa6 Rxb2 41. Rxb2 Rxb2 42. Rxd6 Nc5 43. Rd5 Nxd3 44. Rxd3 Re2 45. Rd4 Rc2 46.
Rc4 Kf7 47. Kh2 h5 48. Kg3 h4+ 49. Kf3 Ke6 50. Rc6+ Ke5 1/2-1/2

[Event "Olimpiada Calviá 2004"]
[Site "Calviá ESP"]
[Date "2004.10.20"]
[Round "6.41"]
[White "Najjar, Ahmad"]
[Black "Guillen Ramirez, Jose Antonio"]
[Result "1/2-1/2"]
[WhiteElo "2337"]
[BlackElo "2301"]
[PlyCount "106"]
[EventDate "2004.10.15"]
[EventType "team"]
[EventRounds "14"]
[EventCountry "ESP"]
[Source "lmi"]
[SourceDate "2004.10.27"]

1. d4 Nf6 2. Nf3 g6 3. Nbd2 Bg7 4. e4 d6 5. Bc4 O-O 6. Qe2 d5 7. Bb3 dxe4 8.
Nxe4 Nc6 9. Nxf6+ Bxf6 10. Bh6 Bg7 11. Bxg7 Kxg7 12. O-O-O Bg4 13. Rhe1 e6 14.
d5 exd5 15. Bxd5 Qf6 16. Qe4 Bxf3 17. Qxf3 Rae8 18. Qxf6+ Kxf6 19. Rxe8 Rxe8
20. Bxc6 bxc6 21. Rd3 Re1+ 22. Kd2 Rh1 23. h3 Ke6 24. Ke2 Rc1 25. Rd2 f5 26.
Kd3 Rg1 27. g3 g5 28. Kc4 Rh1 29. Kc5 Rxh3 30. Kxc6 h5 31. Re2+ Kf6 32. Kxc7 h4
33. gxh4 gxh4 34. c4 Rf3 35. c5 h3 36. b4 h2 37. Re1 Rxf2 38. a4 Rf4 39. b5 Rh4
40. Rh1 Kg5 41. a5 Kg4 42. b6 axb6 43. cxb6 Kg3 44. b7 Rh7+ 45. Kc6 Rxb7 46.
Kxb7 Kg2 47. Ra1 h1=Q 48. Rxh1 Kxh1 49. a6 f4 50. a7 f3 51. a8=Q f2 52. Kb6+
Kg1 53. Qg8+ Kh2 1/2-1/2

[Event "Olimpiada Calviá 2004"]
[Site "Calviá ESP"]
[Date "2004.10.20"]
[Round "6.41"]
[White "Medina Colindres, Javier"]
[Black "Eid, Fadi"]
[Result "0-1"]
[WhiteElo "2213"]
[BlackElo "2357"]
[PlyCount "92"]
[EventDate "2004.10.15"]
[EventType "team"]
[EventRounds "14"]
[EventCountry "ESP"]
[Source "lmi"]
[SourceDate "2004.10.27"]

1. Nf3 Nf6 2. g3 c5 3. Bg2 Nc6 4. O-O g6 5. d3 Bg7 6. e4 O-O 7. c3 Rb8 8. a4 a6
9. Bf4 d6 10. Qc1 c4 11. dxc4 Nxe4 12. Bh6 Nc5 13. Bxg7 Kxg7 14. Qe3 Qb6 15. b4
Nd7 16. Qf4 a5 17. c5 dxc5 18. b5 Nd8 19. Na3 Qf6 20. Qe3 b6 21. Rfe1 Re8 22.
Rad1 Nf8 23. Ne5 Be6 24. Rd2 Nb7 25. Bc6 Red8 26. Bxb7 Rxd2 27. Qxd2 Rxb7 28.
Qd8 Nd7 29. Nac4 h5 30. f4 Bxc4 31. Nxc4 Qxc3 32. Rxe7 Qxc4 33. Rxd7 Rxd7 34.
Qxd7 Qxa4 35. Qc6 Qd4+ 36. Kg2 c4 37. f5 g5 38. f6+ Kg6 39. Qa8 Qb2+ 40. Kg1
Qxb5 41. Qg8+ Kxf6 42. Qh8+ Ke7 43. Kg2 Qd5+ 44. Kh3 Qe6+ 45. Kg2 Qe2+ 46. Kh3
Qf1# 0-1

[Event "Olimpiada Calviá 2004"]
[Site "Calviá ESP"]
[Date "2004.10.20"]
[Round "6.41"]
[White "Kassis, Antoine"]
[Black "Urbina, Ricardo"]
[Result "1/2-1/2"]
[WhiteElo "2221"]
[BlackElo "2247"]
[PlyCount "54"]
[EventDate "2004.10.15"]
[EventType "team"]
[EventRounds "14"]
[EventCountry "ESP"]
[Source "lmi"]
[SourceDate "2004.10.27"]

1. e4 c5 2. Nf3 Nc6 3. d4 cxd4 4. Nxd4 g6 5. c4 Bg7 6. Be3 Nf6 7. Nc3 O-O 8.
Be2 Nxd4 9. Bxd4 d6 10. O-O Bd7 11. Qd2 Bc6 12. f3 a5 13. b3 Nd7 14. Be3 Nc5
15. Rab1 Qb6 16. Rfc1 Rfc8 17. Bf1 Qb4 18. Nd5 Bxd5 19. cxd5 f5 20. Qxb4 axb4
21. exf5 Rxa2 22. fxg6 hxg6 23. Rc4 Bc3 24. Rg4 Kf7 25. Rf4+ Kg8 26. Rg4 Kf7
27. Rf4+ Kg8 1/2-1/2

[Event "Olimpiada Calviá 2004"]
[Site "Calviá ESP"]
[Date "2004.10.20"]
[Round "6.41"]
[White "Huguet, Sergio"]
[Black "Somoff, Abdo"]
[Result "1/2-1/2"]
[WhiteElo "2141"]
[BlackElo "2330"]
[PlyCount "97"]
[EventDate "2004.10.15"]
[EventType "team"]
[EventRounds "14"]
[EventCountry "ESP"]
[Source "lmi"]
[SourceDate "2004.10.27"]

1. e4 c5 2. c3 d6 3. d4 Nf6 4. dxc5 Nc6 5. Bc4 dxc5 6. Qxd8+ Nxd8 7. e5 Nd7 8.
Nf3 e6 9. Nbd2 b6 10. O-O Bb7 11. Re1 Be7 12. Ne4 O-O 13. Bf4 h5 14. Bb5 Bc6
15. Bxc6 Nxc6 16. Rad1 Rad8 17. Rd2 b5 18. Red1 Nb6 19. Bg5 f6 20. Rxd8 Nxd8
21. exf6 gxf6 22. Bh6 Re8 23. b3 Nb7 24. Kf1 Kf7 25. Ke2 Nd5 26. c4 bxc4 27.
bxc4 Nb6 28. Nfd2 f5 29. Nc3 Nd6 30. Nb5 Nxb5 31. cxb5 Nd5 32. Rc1 Kg6 33. Be3
Rc8 34. Nc4 f4 35. Bd2 Kf5 36. g3 Rg8 37. a4 e5 38. a5 Rb8 39. Rb1 Bd8 40. gxf4
exf4 41. Kf3 Bc7 42. b6 axb6 43. axb6 Nxb6 44. Nxb6 Rxb6 45. Rxb6 Bxb6 46. Bxf4
c4 47. Bd2 Bd4 48. Bb4 c3 49. Bxc3 1/2-1/2